000 00319nam a2200109Ia 4500
008 171204s9999 xx 000 0 und d
245 2 _aA Referential Commentary and Lexicon to Homer, Iliad VIII:
245 _cAdrian Kelly
260 _c2007
650 _xHistory
856 _uhttp://down.ebook777.com/063/0199203555.pdf
999 _c345564
_d345564